<?xml version="1.0" encoding="UTF-8"?>
<record
    xmlns:xsi="http://www.w3.org/2001/XMLSchema-instance"
    xsi:schemaLocation="http://www.loc.gov/MARC21/slim http://www.loc.gov/standards/marcxml/schema/MARC21slim.xsd"
    xmlns="http://www.loc.gov/MARC21/slim">

  <leader>01775nam a22002657a 4500</leader>
  <datafield tag="999" ind1=" " ind2=" ">
    <subfield code="c">414</subfield>
    <subfield code="d">414</subfield>
  </datafield>
  <controlfield tag="003">OSt</controlfield>
  <controlfield tag="005">20190507195101.0</controlfield>
  <controlfield tag="008">160316b        xxu||||| |||| 00| 0 esp d</controlfield>
  <datafield tag="040" ind1=" " ind2=" ">
    <subfield code="c">DO-SdBHA</subfield>
    <subfield code="a">DO-SdBHA</subfield>
    <subfield code="b">spa</subfield>
  </datafield>
  <datafield tag="090" ind1=" " ind2=" ">
    <subfield code="a">TG  EGEA</subfield>
    <subfield code="b">00362 2010</subfield>
  </datafield>
  <datafield tag="100" ind1="1" ind2=" ">
    <subfield code="a">Placeres Matos, Henry D. </subfield>
    <subfield code="e">sustentante</subfield>
  </datafield>
  <datafield tag="245" ind1="1" ind2="0">
    <subfield code="a">Diagn&#xF3;stico f&#xED;sico y operacional de las &#xE1;reas de movimiento del Aer&#xF3;dromo Militar San Isidro de la Fuerza A&#xE9;rea Dominicana al 2010 / </subfield>
    <subfield code="c">Henry D. Placeres Matos;  Fredy C. Balbuena S&#xE1;nchez;  Hip&#xF3;lito L. R. Montas Domenech, asesores  Arsenio  Santos,  H&#xE9;ctor T. Restituyo Larrache</subfield>
  </datafield>
  <datafield tag="260" ind1=" " ind2=" ">
    <subfield code="a">Santo Domingo Este :</subfield>
    <subfield code="b">INSUDE, </subfield>
    <subfield code="c">2010</subfield>
  </datafield>
  <datafield tag="300" ind1=" " ind2=" ">
    <subfield code="a">iv, 70 hojas, ilustraciones</subfield>
  </datafield>
  <datafield tag="502" ind1=" " ind2=" ">
    <subfield code="a">Trabajo de grado (Diplomado del Curso de Comando y Estado Mayor A&#xE9;reo). -- Instituto Superior para la Defensa (INSUDE). Escuela de Graduados de Estudios Aeron&#xE1;uticos, 2010.</subfield>
  </datafield>
  <datafield tag="504" ind1=" " ind2=" ">
    <subfield code="a">Incluye referencias bibliogr&#xE1;ficas e &#xED;ndices</subfield>
  </datafield>
  <datafield tag="505" ind1=" " ind2=" ">
    <subfield code="a">Elementos requeridos para la evaluaci&#xF3;n f&#xED;sica en las A&#xE9;reas de movimiento del aer&#xF3;dromo militar San Isidro de la Fuerza A&#xE9;rea Dominicana. -- Evaluaci&#xF3;n f&#xED;sica de las A&#xE9;reas de movimiento del aer&#xF3;dromo Militar San Isidro de la Fuerza A&#xE9;rea Dominicana. -- Situaci&#xF3;n operacional en las A&#xE9;reas de movimiento del aer&#xF3;dromo militar San Isidro de la Fuerza A&#xE9;rea Dominicana.
</subfield>
  </datafield>
  <datafield tag="650" ind1=" " ind2="4">
    <subfield code="a">Fuerza A&#xE9;rea -- Rep&#xFA;blica Dominicana -- Aer&#xF3;dromo Militar (San Isidro)</subfield>
  </datafield>
  <datafield tag="700" ind1="1" ind2=" ">
    <subfield code="a">Balbuena S&#xE1;nchez, Fredy C.   </subfield>
    <subfield code="e">sustentante</subfield>
  </datafield>
  <datafield tag="700" ind1="1" ind2=" ">
    <subfield code="a">Montas Domenech,  Hip&#xF3;lito L.R. </subfield>
    <subfield code="e">sustentante</subfield>
  </datafield>
  <datafield tag="700" ind1="1" ind2=" ">
    <subfield code="a">Santos, Arsenio</subfield>
    <subfield code="e">asesor</subfield>
  </datafield>
  <datafield tag="700" ind1="1" ind2=" ">
    <subfield code="a">Restituyo Larrache, H&#xE9;ctor T. </subfield>
    <subfield code="e">asesor</subfield>
  </datafield>
  <datafield tag="830" ind1=" " ind2=" ">
    <subfield code="a">INSUDE. Escuela de Graduados de Estudios Aeron&#xE1;uticos. Tesis y disertaciones acad&#xE9;micas</subfield>
  </datafield>
  <datafield tag="942" ind1=" " ind2=" ">
    <subfield code="2">CL</subfield>
    <subfield code="c">T</subfield>
  </datafield>
  <datafield tag="952" ind1=" " ind2=" ">
    <subfield code="0">0</subfield>
    <subfield code="1">0</subfield>
    <subfield code="2">CL</subfield>
    <subfield code="4">0</subfield>
    <subfield code="7">1</subfield>
    <subfield code="8">TG</subfield>
    <subfield code="a">BJHA</subfield>
    <subfield code="b">BJHA</subfield>
    <subfield code="d">2016-03-16</subfield>
    <subfield code="i">10-00362</subfield>
    <subfield code="l">0</subfield>
    <subfield code="o">TG  EGEA 00362 2010</subfield>
    <subfield code="p">10-00362</subfield>
    <subfield code="r">2018-10-06 00:00:00</subfield>
    <subfield code="t">e.1</subfield>
    <subfield code="w">2016-03-16</subfield>
    <subfield code="y">T</subfield>
  </datafield>
  <datafield tag="952" ind1=" " ind2=" ">
    <subfield code="0">0</subfield>
    <subfield code="1">0</subfield>
    <subfield code="2">ddc</subfield>
    <subfield code="4">0</subfield>
    <subfield code="7">0</subfield>
    <subfield code="8">CG</subfield>
    <subfield code="a">BEGCEMA</subfield>
    <subfield code="b">BEGCEMA</subfield>
    <subfield code="d">2019-09-02</subfield>
    <subfield code="i">2000018 IMESA </subfield>
    <subfield code="l">0</subfield>
    <subfield code="o">TG  EGEA 00362 2010</subfield>
    <subfield code="p">2000018 IMESA </subfield>
    <subfield code="r">2019-09-02 00:00:00</subfield>
    <subfield code="t">EJ.1</subfield>
    <subfield code="w">2019-09-02</subfield>
    <subfield code="y">T</subfield>
  </datafield>
</record>
